Najpopularniejsze PIOSENKI POLSKICH YOUTUBERÓW dla Ignacego - Statystyki

Ogólne statystyki
  • Ten quiz został rozwiązany 352 razy
  • Średni wynik to 9 z 28
Statystyki odpowiedzi
Artysta Odpowiedź % Poprawnych
Kacper Blonsky 21mln ELUWINA
95%
Disco Marek 18 mln Zostań Moją Kotką
67%
Gimpson 20 mln Bombsite A
63%
Kamerzysta 15 mln Piękna i Bestia
47%
Dycha (Isamu) 5 mln D jak Dycha
43%
Stuu 6,3 mln Best Life
40%
Dycha (Isamu) 16 mln Masno Fest
39%
Czuux 9,1 mln O co ci chodzi
39%
Kamerzysta 12 mln Titanic
38%
Dziadek Dominika Łupickiego 5 mln ZŁOTE JAJA
36%
ZeboPL 7,2 mln TYPOWY TRAP
34%
Gimpson 7,5 mln Niepowstrzymany
32%
Kamerzysta 8 mln Szare Bloki
31%
Gimpson x Kolega Ignacy 5 mln Mój Przyjaciel Grubas 2
27%
Kamerzysta 14 mln Afirmacja
26%
Kamerzysta 20 mln Pięć Promili
26%
Kamerzysta 8,4 mln Air Force One
24%
Kamerzysta 10 mln Venom
24%
Footroll 6,6 mln Ramos Głowka Brama
21%
Kamerzysta 8,2 mln HellBoy
19%
Kamerzysta 7,8 mln Mamy to coś
19%
Kamerzysta 6,8 mln SUKA
19%
Wip Bros 5 mln Sia la la
18%
Kamerzysta 6 mln Z Bloków Na Salony
16%
Malczyńscy 6,7 mln Gwiazdy
14%
Kamerzysta 5,2 mln Ostatni Taniec
12%
Masterczułek 6,2 mln NICZEGO NIE ŻAŁUJĘ
5%
Masterczułek 5,5 mln KOT PRZEMIERZAJĄCY WSZECHŚWIAT NA PLASTERKU BEKONU
3%
Nie znaleziono quizów pasujących do podanych kryteriów
Rozkład punktacji
Procent ludzi z każdym wynikiem
Percentyl według liczby udzielonych odpowiedzi
Twoja historia wyników
Nie rozwiązałeś tego quizu